000 00422nam a2200169Ia 4500
008 230711s9999||||xx |||||||||||||| ||und||
020 _a978-0-07-463311-3
041 _aENG
082 _a518
_bBA-N
100 _aBalagurusamy,E
245 0 _aNumerical methods
250 _a1st Ed.
260 _c2016
_aNew Delhi
_bMcGraw Hill Education(India) Private Limited
300 _a608p.
650 _aMathematics
942 _cBK
999 _c9428
_d9428